| 000 | 01094cam a2200301 a 4500 | ||
|---|---|---|---|
| 001 | 4413967 | ||
| 003 | 000 | ||
| 005 | 20170726140458.0 | ||
| 007 | 000 | ||
| 008 | 930303s1993 maua b 001 0 eng | ||
| 010 | _a 93010053 | ||
| 020 | _a0792393473 (alk. paper) | ||
| 040 |
_aUOEL _cDLC _dDLC |
||
| 043 | _an-us--- | ||
| 050 | 0 | 0 |
_aHD9685.U5 _bP394 1993 |
| 082 | 0 | 0 |
_a333.79/323/0973 _220 |
| 100 | 1 | _aPechman, Carl. | |
| 245 | 1 | 0 |
_aRegulating power : _bthe economics of electricity in the information age / _cby Carl Pechman. |
| 260 |
_aBoston : _bKluwer Academic Publishers, _c1993. |
||
| 300 |
_axi, 229 p. : _bill. ; _c24 cm. |
||
| 490 | 1 |
_aTopics in regulatory economics and policy series ; _v15 |
|
| 504 | _aIncludes bibliographical references and index. | ||
| 650 | 0 |
_aElectric utilities _xGovernment policy _zUnited States. |
|
| 830 | 0 |
_aTopics in regulatory economics and policy ; _v15. |
|
| 906 |
_a7 _bcbc _corignew _d1 _eocip _f19 _gy-gencatlg |
||
| 942 |
_2lcc _cSBK |
||
| 999 |
_c14575 _d14575 |
||